000 00717nam a2200229 i 4500
001 bg
100 1 _aUJMA, J.
245 0 0 _aĆwiczenia rachunkowe z chemii fizycznej.
_nCz. 1,
_pTermodynamika chemiczna /
_cJ. Ujma, W. Jagiełło-Puczka, M. Łysakowska ; Politechnika Częstochowska.
260 _aCzęstochowa :
_bWydaw. PC,
_c1993.
300 _a160, [1] s. :
_brys. ;
_c24 cm.
504 _aBibliogr. s. 140.
650 9 _aChemia fizyczna
650 9 _aTermodynamika chemiczna
655 _aPodręczniki akademickie
700 1 _aJAGIEŁŁO-PUCZKA, W.
700 1 _aŁYSAKOWSKA, M.
040 _cBPK
041 0 _apl
080 _a541.1(075.8)
942 _cKS
008 s pl f |000 0 pol
999 _c6758
_d6758
856 _uhttp://koha.tu.koszalin.pl/cgi-bin/koha/opac-detail.pl?biblionumber=6758
_yKatalog online BPK